|
|
|
|
| LEADER |
01636nam a2200313 a 4500 |
| 001 |
15197550 |
| 003 |
BD-DhAAL |
| 005 |
20250703121013.0 |
| 008 |
091112s2008 cau b 001 0 eng d |
| 010 |
|
|
|a 2008009143
|
| 020 |
|
|
|a 9781412940184 (cloth)
|
| 020 |
|
|
|a 9781412940191 (pbk.)
|
| 040 |
|
|
|a DLC
|c DLC
|d DLC
|d BD-DhAAL
|
| 082 |
0 |
0 |
|a 303.48/2
|2 22
|
| 100 |
1 |
|
|a Gopinath, C.
|q (Chinnam)
|9 388
|
| 245 |
1 |
0 |
|a Globalization :
|b a multidimensional system /
|c C. Gopinath.
|
| 260 |
|
|
|a Los Angeles, Calif. :
|b Sage Publications,
|c c2008.
|
| 300 |
|
|
|a 255 pages ;
|c 24 cm.
|
| 504 |
|
|
|a Includes bibliographical references (p. 235-244) and index.
|
| 505 |
0 |
|
|a Introduction -- What is new about globalization? -- Taking a systems view -- Preserving cultural diversity -- Collaborations and disaffections : a search for identity -- Economic development and poverty -- Global business influences -- Management philosophies and practices -- It is one planet -- Dealing with a uni-polar world -- Moving forward.
|
| 526 |
|
|
|a BBS
|x Requisitioned by Faculties of BBS
Course name and no : N/A
|
| 541 |
1 |
|
|a Karim International
|e 00019560
|
| 650 |
|
0 |
|a Globalization.
|9 303
|
| 650 |
|
0 |
|a International business enterprises
|x Management.
|9 389
|
| 650 |
|
0 |
|a Political science.
|
| 852 |
4 |
|
|a Ayesha Abed Library
|j General Shelf.
|
| 942 |
|
|
|2 ddc
|c BK
|0 1
|
| 999 |
|
|
|c 5476
|d 5476
|
| 952 |
|
|
|0 0
|1 0
|2 ddc
|4 0
|6 303_480000000000000_2_GOP
|7 0
|9 5349
|a BRACUL
|b BRACUL
|c GEN
|d 2009-11-10
|e Karim International
|g 1989.00
|l 7
|m 22
|o 303.482 GOP
|p 3010019560
|r 2017-04-09
|s 2017-03-06
|t 1
|w 2009-11-15
|y BK
|x Requisitioned by Faculties of BBS. Course name and no. "not available".
|